000
00338nam a2200145Ia 4500
008
100204s9999 xx 000 0 und d
082
_b
22135
100
_a
LYALL WATSON
245
_a
SUPERNATURE
260
_b
"HHOLDER & STOUGHTON, LONDON"
_c
1973
300
_a
351
630
_a
SUPERNATURE
730
_a
SUPERNATURE
942
_c
BOOK
999
_c
467247
_d
467244